000 00650nam a22002177a 4500
005 20170124110144.0
010 _aB-161563
020 _c00.00
_a8126120363
035 _aB-161563
037 _bCen Lib/Ret
040 _aDPL
_bEN
082 _a658.40301
_bSHA
100 _aSharma, Manoj
_99062
245 _aAdministrative thinkers /
_cby Manoj Sharma
260 _aNew Delhi
_bAnmol Publications
_c2004
270 _bNew Delhi
_a4374/4B, ansari road, dariya ganj
_e110002
300 _a496p.
_c21cm(Hb)
650 _aManagement
_93072
650 _aAdministrative thoughts
_933136
942 _2ddc
_cEN
_h658.40301
_mSHA
999 _c131897
_d131897